| 000 | 00569nam a2200157 a 4500 | ||
|---|---|---|---|
| 001 | 000039479 | ||
| 005 | 20201002031654.0 | ||
| 008 | 130702s1983 dr 000 0 spa d | ||
| 040 |
_aDO-SdBNP _bspa _cBNPHU |
||
| 100 | 1 |
_aDíaz, Hugo _965666 |
|
| 245 | 1 | 0 |
_aGuía de impuestos y formatos de procedimientos judiciales / _cHugo Díaz. |
| 246 | 1 | 4 |
_aMateria inmobiliaria : _bguía de impuestos y formatos de procedimientos judiciales |
| 260 |
_a[Santo Domingo] : _bSecretaria de Estado de Educacion, _c1983. |
||
| 300 |
_a104 p. ; _c22 cm. |
||
| 504 | _aBibliografía : p. 103 | ||
| 999 |
_c38969 _d38969 |
||